Relaciones sociales e identidades en América. Relations Socials i Identitats a America
Guardado en:
| Format: | Texto |
|---|---|
| Udgivet: |
Barcelona:
Universidad de Barcelona
|
| Fag: | |
| Tags: |
Tilføj Tag
Ingen Tags, Vær først til at tagge denne postø!
|
MARC
| LEADER | 00000 a a2200000 04500 | ||
|---|---|---|---|
| 001 | 31272 | ||
| 003 | |||
| 040 | |||
| 020 | |a 84-475-2795-6 | ||
| 090 | |a 198000 | ||
| 245 | |a Relaciones sociales e identidades en América. Relations Socials i Identitats a America | ||
| 260 | |a Barcelona: |b Universidad de Barcelona | ||
| 300 | |a 477 p. | ||
| 650 | |a IDENTIDAD CULTURAL | ||
| 650 | |a MUJERES | ||
| 650 | |a CREACION ARTISTICA | ||
| 650 | |a POBLACION INDIGENA | ||
| 650 | |a POLITICA | ||
| 650 | |a VIOLENCIA | ||
| 650 | |a MOVIMIENTOS SOCIALES | ||
| 999 | |c 9123 |d 9123 | ||



